| 000 | 01650nam a22003734a 4500 | ||
|---|---|---|---|
| 001 | ebr10047150 | ||
| 003 | CaPaEBR | ||
| 006 | m u | ||
| 007 | cr cn||||||||| | ||
| 008 | 020213s2002 ncu sb s001 0 eng | ||
| 010 | _z 2002002093 | ||
| 020 | _z0807827282 (cloth : alk. paper) | ||
| 020 | _z0807854026 (pbk. : alk. paper) | ||
| 040 |
_aCaPaEBR _cCaPaEBR |
||
| 035 | _a(OCoLC)614524369 | ||
| 050 | 1 | 4 |
_aHV5292 _b.R68 2002eb |
| 082 | 0 | 4 |
_a394.1/3/09730904 _221 |
| 100 | 1 | _aRotskoff, Lori. | |
| 245 | 1 | 0 |
_aLove on the rocks _h[electronic resource] : _bmen, women, and alcohol in post-World War II America / _cby Lori Rotskoff. |
| 260 |
_aChapel Hill : _bUniversity of North Carolina Press, _cc2002. |
||
| 300 | _axi, 307 p. | ||
| 490 | 1 | _aGender and American culture | |
| 504 | _aIncludes bibliographical references and index. | ||
| 533 |
_aElectronic reproduction. _bPalo Alto, Calif. : _cebrary, _d2013. _nAvailable via World Wide Web. _nAccess may be limited to ebrary affiliated libraries. |
||
| 650 | 0 |
_aAlcoholism _zUnited States _xHistory _y20th century. |
|
| 650 | 0 |
_aDrinking of alcoholic beverages _zUnited States _xHistory _y20th century. |
|
| 650 | 0 |
_aAlcoholics _zUnited States _xFamily relationships _xHistory _y20th century. |
|
| 650 | 0 |
_aAlcoholics _xRehabilitation _zUnited States _xHistory _y20th century. |
|
| 650 | 0 |
_aSex role _zUnited States _xHistory _y20th century. |
|
| 655 | 7 |
_aElectronic books. _2local |
|
| 710 | 2 | _aebrary, Inc. | |
| 830 | 0 | _aGender & American culture. | |
| 856 | 4 | 0 |
_uhttp://site.ebrary.com/lib/rucke/Doc?id=10047150 _zAn electronic book accessible through the World Wide Web; click to view |
| 999 |
_c73546 _d73546 |
||